000 01030nam a2200241Ia 4500
999 _c38722
_d38722
001 5032
003 GE_BSU
005 20260421153001.0
008 181216s1986||||ru |||||||||||||| ||rus||
040 _cGE_BSU
080 _a624.014(075.8) М-54
100 _aБеленя, Е.И.
_927338
245 _aМеталлические конструкции.
_bОбщий курс. Учебник.
_cАвторы : Беленя,Е.И. Балдин,В.А. Бедеников,Г.С. и др.ж под общ. ред. Е.И.Беленя.
250 _aИзд. 6-е, перераб. и доп.
264 _aМ.:
_bСтройиздат,
_c1986.
300 _a506 стр. :
_bс илл. l
_c27см.
521 _aБиблиогр.: стр.550.
653 _aМеталлические конструкции.
700 _aБеленя, Е.И.
_eავტორი
_927339
700 _aБалдин, В.А.
_eავტორი
_927340
700 _aБедеников, Г.С. и др.
_eავტორი
_927341
942 _cBK
_2udc